| 000 | 00833nam a2200265Ia 4500 | ||
|---|---|---|---|
| 003 | OSt | ||
| 005 | 20221005081422.0 | ||
| 006 | a|||||r|||| 00| 0 | ||
| 007 | ta | ||
| 008 | 221004b |||||||| |||| 00| 0 eng d | ||
| 024 | _a74790 | ||
| 037 | _cTextual | ||
| 040 |
_aCRL _cCRL _beng |
||
| 041 |
_2eng _aeng |
||
| 082 | _aX8(J).2, N4 | ||
| 100 |
_aSekhar A. Uday _9611056 |
||
| 110 |
_aRajiv Gandhi institute for contemporary studies _9611057 |
||
| 245 | 0 |
_aProcessed fruits and vegetables industry _b The role of the state |
|
| 260 |
_aNew Delhi _bRajiv Gandhi Institute For Contemporary Studies India _c1994 |
||
| 300 |
_a110p _ccm. |
||
| 650 | _aECONOMICS | ||
| 700 |
_aRajiv Gandhi institute for contemporary studies _9611058 |
||
| 942 |
_hX8(J).2, N4 _cTEXL _2cc |
||
| 999 |
_c987668 _d987668 |
||